Zmeny využívania domového fondu štálového osídlenia v pohoriach Tribeč a Pohronský Inovec

Podrobná bibliografia
Hlavný autor: Petrovič, František, 1977- (Autor)
Médium: Článok
Jazyk:slovenčina
Fyzický popis:Tab.
ISBN:809004896X
Predmet:

MARC

LEADER 00000nab a2200000 ar4500
001 vtls008849820
003 SK-MaSNL
005 20260304001124.0
008 060927c2002 xo |r|p||||||||00 b|slo
015 |a SNBRA2006/09  |2 snkbucl 
038 |a SNKBUCL 
040 |a SNKBUCL  |b slo  |c SNKBUCL  |e AACR2 
041 1 |a slo  |b eng 
044 |a xo  |c SK 
080 |a 712  |x (437.6)  |2 2001 
080 |a 502.21(1-751.2)  |x (437.6)  |2 2001 
100 1 |a Petrovič, František,  |d 1977-  |4 aut  |9 104845 
245 1 0 |a Zmeny využívania domového fondu štálového osídlenia v pohoriach Tribeč a Pohronský Inovec  |c František Petrovič 
300 |b Tab. 
504 |a Bibliogr. odkazy 
546 |a Res. angl. 
650 0 7 |a krajinná ekológia  |2 snkbucl  |9 3811 
650 0 7 |a krajinné plánovanie  |2 snkbucl  |9 69268 
650 0 7 |a kopaničiarske osídlenie  |2 snkbucl  |9 770992 
651 7 |a Tribeč (Slovensko : pohorie)  |2 snkbucl  |9 164699 
651 7 |a Pohronský Inovec (Slovensko : pohorie)  |2 snkbucl  |9 164708 
651 7 |a Chránená krajinná oblasť Ponitrie (Slovensko)  |2 snkbucl  |9 15585 
773 0 |t Rosalia 16  |d Nitra : Tríbeč ; Slovenský zväz ochrancov prírody ; Správa Chránenej krajinnej oblasti Ponitrie, 2002  |g S. 217-222  |z 809004896X 
852 |a SNK  |b KIS3GCP 
958 |a NB 
999 |c 2534814  |d 2536744